000 00358nam a2200121 a 4500
001 000044554
005 20201002045446.0
008 140716s1980 000 spa d
040 _aDO-SdBNP
_bspa
_cBNPHU
245 0 _aCatalogo general 1979-1980.
260 _aSanto Domingo :
_bInstituto de Estudios Superiores,
_c[1980] --.
300 _a29 p. :
_bil. ;
_c22 cm.
999 _c44043
_d44043